00714nam a2200217 a 450000100060000000300080000600500170001400800410003103500190007204000370009104100080012808200260013610000320016224500660019426000430026030000340030349000500033750400360038765000220042383000510044570271BD-RjUL20211209082000.0170417s1967 nyua b 001 0 eng  a(BD-RjUL)70485 aDLCcDLCdUKMdZCUdBD-RjULbeng aeng00223a519.233bMAB 19671 aMartin, J. J.q(James John)10aBayesian decision problems and Markov chains /cJ. J. Martin. aNew York :bJohn and Wiley Sons,c1967 axii, 202 p. :bill. ;c24 cm.1 aPublications in operations research ;vno. 13 aIncludes Bibliography and index 0aMarkov processes. 0aPublications in operations research ;vno. 13.